Crowdfarming platform to support smallholder farmers with respect to the environment

Na minha lista:
Detalhes bibliográficos
Autor principal: Absolon, Michael (Author)
Outros Autores: Marko, Richard (Thesis advisor)
Formato: Manuscrito Livro
Idioma:eslovaco
inglês
Publicado em: 2024
Assuntos:
Acesso em linha:http://is.stuba.sk/zp/portal_zp.pl?podrobnosti=177194
Tags: Adicionar Tag
Sem tags, seja o primeiro a adicionar uma tag!

MARC

LEADER 00000ntm a22000003a 4500
001 stuzp100194
003 SK-STU
005 20240608213636.0
007 ta
008 150427s2015----xo-----f-mn---000-0-slo-d
040 |a STU  |b slo 
041 0 |a eng 
100 1 |a Absolon, Michael  |u 070400  |4 aut  |U FIIT Fakulta informatiky a informačných technológií  |T FIIT Ústav počítačového inžinierstva a aplikovanej informatiky  |X 96650  |U I400  |Y 672  |7 96650 
242 0 1 |a Crowdfarming platforma pre podporu malých farmárov s ohľadom na životné prostredie  |y slo 
245 1 0 |a Crowdfarming platform to support smallholder farmers with respect to the environment 
260 |c 2024 
650 4 |a crowdfarming  |2 slo 
650 4 |a farmári  |2 slo 
650 4 |a udržateľnosť  |2 slo 
650 4 |a crowdsourcing  |2 slo 
650 4 |a crowdsourcing  |2 eng 
650 4 |a crowdfarming  |2 eng 
650 4 |a sustainability  |2 eng 
650 4 |a farmers  |2 eng 
700 1 |a Marko, Richard  |u 070400  |k Z2  |4 ths  |U FIIT Fakulta informatiky a informačných technológií  |T FIIT Ústav počítačového inžinierstva a aplikovanej informatiky  |X 116343  |U I400  |Y 672  |7 116343 
856 4 |u http://is.stuba.sk/zp/portal_zp.pl?podrobnosti=177194